Harmonizácia daní vs daňová konkurencia v EÚ diplomová práca

Gespeichert in:
Bibliographische Detailangaben
1. Verfasser: Ščipáková, Gabriela
Körperschaft: Fakulta podnikového manažmentu EU. Katedra podnikových financií
Weitere Verfasser: Ďurinová, Ivona, 1964-
Format: Buch
Sprache:Slowakisch
Veröffentlicht: Bratislava 2011
Tags: Tag hinzufügen
Keine Tags, Fügen Sie das erste Tag hinzu!

MARC

LEADER 00000nbm a2200000 4500
001 0131321
005 20161109101658.3
041 0 |a slo 
044 |a SK 
245 1 0 |a Harmonizácia daní vs daňová konkurencia v EÚ  |b diplomová práca  |c Gabriela Ščipáková ; školiteľ: Ivona Ďurinová 
264 1 |a Bratislava  |c 2011 
300 |a 70 s. 
100 1 |a Ščipáková, Gabriela 
700 1 |a Ďurinová, Ivona, 1964- 
710 2 |a Fakulta podnikového manažmentu EU. Katedra podnikových financií